উচ্চ মাধ্যমিক রসায়ন প্রথম পত্র / (Record no. 5701)
[ view plain ]
| 000 -LEADER | |
|---|---|
| fixed length control field | 00916nam a2200241 a 4500 |
| 001 - CONTROL NUMBER | |
| JCCL Control Number | 5701 |
| 003 - CONTROL NUMBER IDENTIFIER | |
| JCCL marc code | BD-JhCC |
| 005 - DATE AND TIME OF LATEST TRANSACTION | |
| control field | 20171227162916.0 |
| 008 - FIXED-LENGTH DATA ELEMENTS--GENERAL INFORMATION | |
| fixed length control field | 171220s19982011bg a|||| || | 000 0 eng d |
| 035 ## - SYSTEM CONTROL NUMBER | |
| system control number | (BD-JhCC)5701 |
| 040 ## - CATALOGING SOURCE | |
| Original cataloging agency | BD-JhCC |
| Modifying agency | BD-JhCC |
| 041 ## - LANGUAGE CODE | |
| Language code of Book | eng |
| 082 ## - DEWEY DECIMAL CLASSIFICATION NUMBER | |
| Classification number | 540 |
| Author mark and Year | KAB 2011 |
| 100 ## - MAIN ENTRY--PERSONAL NAME | |
| Personal name | কবীর, গাজী মোঃ আহসানুল |
| 245 ## - TITLE STATEMENT | |
| Title | উচ্চ মাধ্যমিক রসায়ন প্রথম পত্র / |
| Statement of responsibility, etc | গাজী মোঃ আহসানুল কবীর, মোঃ মমিনুল হক এবং মোঃ রবিউল ইসলাম |
| 260 ## - PUBLICATION, DISTRIBUTION, ETC. (IMPRINT) | |
| Place of publication, distribution, etc | ঢাকা : |
| Name of publisher, distributor, etc | আশরাফিয়া বইঘর, |
| Date of publication, distribution, etc | 2011. |
| 300 ## - PHYSICAL DESCRIPTION | |
| Pagination | 590 p. : |
| Dimensions | 24 cm. |
| 650 ## - SUBJECT ADDED ENTRY--TOPICAL TERM | |
| Topical term or geographic name as entry element | Chemistry |
| 700 ## - ADDED ENTRY--PERSONAL NAME | |
| Personal name | হক, মোঃ মমিনুল |
| 700 ## - ADDED ENTRY--PERSONAL NAME | |
| Personal name | ইসলাম, মোঃ রবিউল |
| 942 ## - ADDED ENTRY ELEMENTS (KOHA) | |
| Source of classification or shelving scheme | Dewey Decimal Classification |
| Koha item type | Books |
| Source of classification or shelving scheme | Damaged status | Not for loan | Home library | Current library | Shelving location | Date of accession | Cost, normal purchase price | Total Checkouts | Full call number | Barcode | Date last seen | Copy number | Koha item type | Date checked out |
|---|---|---|---|---|---|---|---|---|---|---|---|---|---|---|
| Dewey Decimal Classification | JCC Rouf Library | JCC Rouf Library | General Stacks | 12/20/2017 | 165.00 | 540 KAB 2011 | 7970 | 12/20/2017 | C-1 | Books | ||||
| Dewey Decimal Classification | JCC Rouf Library | JCC Rouf Library | General Stacks | 03/21/2018 | 110.00 | 540 KAB 1998 | 10975 | 03/21/2018 | C-2 | Books | ||||
| Dewey Decimal Classification | JCC Rouf Library | JCC Rouf Library | General Stacks | 04/21/2018 | 165.00 | 1 | 540 KAB 2011 | 13506 | 02/11/2024 | C-3 | Books | 02/11/2024 | ||
| Dewey Decimal Classification | JCC Rouf Library | JCC Rouf Library | General Stacks | 145.00 | 540 KAB 2011 | 14698 | 05/09/2019 | C-4 | Books | |||||
| Dewey Decimal Classification | JCC Rouf Library | JCC Rouf Library | General Stacks | 03/19/2019 | 540 KAB 2011 | 14697 | 05/09/2019 | C-5 | Books |